Giáo trình Tin học 2T T1 -2000.- 220tr
v.v..
Đã lưu trong:
| Tác giả chính: | |
|---|---|
| Định dạng: | Sách |
| Năm xuất bản: |
H.
ĐHQG
2000
|
| Chủ đề: | |
| Tags: |
Thêm thẻ
Không có thẻ, Hãy là người đầu tiên gắn thẻ bản ghi này!
|
| LEADER | 00755nam a2200169 4500 | ||
|---|---|---|---|
| 082 | |a 004.071 |b H450S | ||
| 100 | |a Hồ Sỹ Đàm | ||
| 245 | |a Giáo trình Tin học |c Hồ Sỹ Đàm, Lê khắc Thành |n 2T |p T1 -2000.- 220tr | ||
| 260 | |a H. |b ĐHQG |c 2000 | ||
| 300 | |a 220 tr. |c 21 cm | ||
| 520 | |a v.v.. | ||
| 653 | |a Tin học | ||
| 653 | |a Giáo trình | ||
| 942 | |2 ddc |c STK0 | ||
| 999 | |c 1720 |d 1720 | ||
| 952 | |0 0 |1 0 |2 ddc |4 0 |6 004_071000000000000_H450S |7 0 |8 000 |9 28411 |a qbu |b qbu |c D2 |d 2014-12-10 |g 16500 |o 004.071 H450S |p 2067.c1 |r 0000-00-00 |w 2014-12-10 |y STK0 |0 0 |6 004_071000000000000_H450S | ||
| 952 | |0 0 |1 0 |2 ddc |4 0 |6 004_071000000000000_H450S |7 0 |8 000 |9 28412 |a qbu |b qbu |c D2 |d 2014-12-10 |g 16500 |o 004.071 H450S |p 2067.c2 |r 0000-00-00 |w 2014-12-10 |y STK0 |0 0 |6 004_071000000000000_H450S | ||